| 000 | 01198nam a22002057a 4500 | ||
|---|---|---|---|
| 008 | 230502s2022 xxk|||||ol|||o00| 0 eng d | ||
| 041 | _aeng | ||
| 110 | _aParliament | ||
| 245 | _aLevelling-up and Regeneration Bill | ||
| 260 | _c2022 | ||
| 520 | _aA Bill to make provision for the setting of levelling-up missions and reporting on progress in delivering them; about local democracy; about town and country planning; about Community Infrastructure Levy; about the imposition of Infrastructure Levy; about environmental outcome reports for certain consents and plans; about regeneration; about the compulsory purchase of land; about information and records relating to land, the environment or heritage; for the provision for pavement licences to be permanent; about governance of the Royal Institution of Chartered Surveyors; about vagrancy and begging; and for connected purposes. | ||
| 650 | _aCOMMUNITY INFRASTRUCTURE LEVY | ||
| 650 | _aLEVELLING-UP | ||
| 650 | _aPLANNING | ||
| 650 | _aSURVEYING PROFESSION | ||
| 651 | _aUnited Kingdom | ||
| 690 |
_96307 _aBuilt Environment |
||
| 856 |
_uhttps://bills.parliament.uk/bills/3155 _zAvailable on Parliament website |
||
| 942 | _n0 | ||
| 999 |
_c121481 _d121481 |
||